00952cam a22003254i 4500003000900000005001700009008004100026035001900067040003300086082002000119100003100139245006300170264004300233300003800276336002100314337002500335338002300360505014700383526001000530526001000540526001000550526001000560526000800570526000800578526000800586526000800594526000800602526000800610526000800618PE-LiUPU20250731173208.0150625s1983 sp r 000 0 spa d a(Sirsi) a31588 aPE-LiUPUbspacPE-LiUPUerda04a220.63bBEB2211 aBrown, Raymond E.,eautor.13aLa Comunidad del Discipulo Amado.n43 /cRaymond E. Brown. 1aSalamanca :bEdiciones Sigueme,c1983. a203 páginas ;c21 centímetros atext2rdacontent aunmediated2rdamedia avolume2rdacarrier0 aAntes del evangelio -- Cuando se escribio el evangelio -- Cuando se escribieron las cartas -- Despues de las cartas -- Cuadros sintetizadores. aSEG42 aSEG41 aSEG40 aSEG39 aP94 aP87 aP86 aP85 aP77 aP76 aP35